000 00461nam a2200181Ia 4500
001 9967
005 20260306161757.0
008 260306t2015||||xx |||||||||||||| ||spa||
041 _aESP
082 _aPE 869.56
_bE43
100 _aElmore, Peter
_eAUT
245 0 _aLos muros invisibles:
_bLima y la modernidad en la novela del Siglo XX
260 _c2015
300 _a302 páginas :
_c20 cm.
650 _aGEN
654 _aCHU
942 _cLIB
_dJUS
_fJUS
_2ddc
_n
999 _c9967
_d9967